000 00238nam a22001097a 4500
008 250411b |||||||| |||| 00| 0 eng d
040 _a02
100 _aCHAUDHARY,JITENDRA SINGH
245 _aPHARMACEUTICS
260 _bGYAN
942 _c01
999 _c65450
_d65450